Análisis de la oferta del transporte de carga por carretera
Enregistré dans:
| Auteur principal: | |
|---|---|
| Autres auteurs: | |
| Format: | Livre |
| Publié: |
[San José , Costa Rica]
1982
|
| Sujets: | |
| Tags: |
Ajouter un tag
Pas de tags, Soyez le premier à ajouter un tag!
|
MARC
| LEADER | 00000nam a2200000Ia 4500 | ||
|---|---|---|---|
| 003 | 002048 | ||
| 005 | 20221231144422.0 | ||
| 008 | 140114s1982 c a m 000 ||s d | ||
| 040 | |c cru CEDI | ||
| 090 | |a TFG 1264 | ||
| 100 | |a Mata Solano, Miguel Angel |9 15450 | ||
| 245 | |a Análisis de la oferta del transporte de carga por carretera | ||
| 260 | |c 1982 |a [San José , Costa Rica] | ||
| 300 | |a 172 hojas : ilustraciones ; 28 cm | ||
| 500 | |a Proyecto de graduación (ingeniero civil)--Universidad de Costa Rica. Facultad de Ingeniería. Escuela de Ingeniería Civil | ||
| 650 | |x TRANSPORTE MOTORIZADO - CARGA |9 15452 | ||
| 700 | |9 15451 |a Nicolás Alvarado, José Francisco | ||
| 942 | |c TFG | ||
| 999 | |c 21602 |d 21602 | ||
